Trees and woodlands of South India : (Record no. 36408)

MARC details
000 -LEADER
fixed length control field 01164nam a22003017a 4500
005 - DATE AND TIME OF LATEST TRANSACTION
control field 20100531104929.0
008 - FIXED-LENGTH DATA ELEMENTS--GENERAL INFORMATION
fixed length control field 100531t xxu||||| |||| 00| 0 eng d
010 ## - LCCN (DPL NO)
LC control number ENG-96204
020 ## - INTERNATIONAL STANDARD BOOK NUMBER
International Standard Book Number 9788121512145
Terms of availability 2295.00
035 ## - SYSTEM CONTROL NUMBER
System control number EN-79737
037 ## - SOURCE OF ACQUISITION
Source of stock number/acquisition DBAD/PUB
040 ## - CATALOGING SOURCE
Original cataloging agency DPL
Language of cataloging Eng
082 ## - DEWEY DECIMAL CLASSIFICATION NUMBER
Classification number 578.730954
100 ## - MAIN ENTRY--PERSONAL NAME
Personal name Asouti, Eleni
245 ## - TITLE STATEMENT
Title Trees and woodlands of South India :
Remainder of title archaeological perspectives /
Statement of responsibility, etc by Eleni Asouti [and] Dorian Q. Fuller
260 ## - PUBLICATION, DISTRIBUTION, ETC. (IMPRINT)
Place of publication, distribution, etc New Delhi
Name of publisher, distributor, etc Munshiram Manoharlal Publishers
Date of publication, distribution, etc 2010
270 ## - ADDRESS
Address PO Box 5715.54 Rani Jhansi Road,
City New Delhi
Postal code 110055
300 ## - PHYSICAL DESCRIPTION
Extent 342p.:
Dimensions 29 cm (Hb)
Other physical details ill., maps
500 ## - GENERAL NOTE
General note Includes bibliographical references (p. 293-307) and indexes.
650 ## - SUBJECT ADDED ENTRY--TOPICAL TERM
Topical term or geographic name as entry element Forest plants
Geographic subdivision India.
650 ## - SUBJECT ADDED ENTRY--TOPICAL TERM
Topical term or geographic name as entry element Plant remains (Archaeology)
Geographic subdivision India.
650 ## - SUBJECT ADDED ENTRY--TOPICAL TERM
Topical term or geographic name as entry element Landscape archaeology
Geographic subdivision India.
650 ## - SUBJECT ADDED ENTRY--TOPICAL TERM
Topical term or geographic name as entry element Forest archaeology
Geographic subdivision India.
651 ## - SUBJECT ADDED ENTRY--GEOGRAPHIC NAME
Geographic name India
General subdivision Antiquities.
700 ## - ADDED ENTRY--PERSONAL NAME
Personal name Fuller, Dorian.Q
942 ## - ADDED ENTRY ELEMENTS (KOHA)
Source of classification or shelving scheme Dewey Decimal Classification
Item type English Books
Call number suffix ASO
Classification part 578.730954
Holdings
Withdrawn status Lost status Source of classification or shelving scheme Damaged status Not for loan Collection code Home library Current library Date acquired Source of acquisition Cost, normal purchase price Total Checkouts Full call number Barcode Date last seen Copy number Cost, replacement price Koha item type
    Dewey Decimal Classification   Not For Loan Non-fiction D.B.Act.Division D.B.Act.Division 03/05/2010 DBAD/PUB 2295.00   ASO EN-79737 31/05/2010 1 2295.00 English Books

© Delhi Public Library
Hit Counter
free hit counter